Mapa cartografía base del municipio la Vega - Cundinamarca y sus alrededores (Registro nro. 18492)
[ vista simple ]
| 000 -CABECERA | |
|---|---|
| Campo de control | 00988nem a2200277 u 4500 |
| 005 - FECHA Y HORA DE LA ULTIMA TRANSACCION | |
| Campo de control | 20200104041743.0 |
| 008 - ELEMENTOS DE LONGITUD FIJA—INFORMACION GENERAL | |
| Campo de control | 160505b2005 ck ||||| |a|| 00| 0 spa d |
| 040 ## - FUENTE DE CATALOGACIÓN | |
| Agencia catalogadora original | CO-BoIAVH |
| Agencia transcriptora | CO-BoIAVH |
| 041 ## - IDIOMA | |
| Código de idioma para texto/pista de sonido o título separado | Español |
| 044 ## - PAÍS DE PUBLICACIÓN | |
| País de publicación | Colombia |
| 090 ## - CLASIFICACIÓN LOCAL | |
| Colección | MC- |
| Consecutivo | 0156 |
| 110 2# - ASIENTO PRINCIPAL--NOMBRE CORPORATIVO | |
| Nombre corporativo o de jurisdicción como elemento de entrada | Instituto de Investigación de recursos biológicos Alexander Von Humboldt. |
| 245 1# - MENCION DE TITULO | |
| Título | Mapa cartografía base del municipio la Vega - Cundinamarca y sus alrededores |
| Parte restante del título | Proyecto : Construccion y estimación de indicadores de biodiversidad para la jurisdicción de la CAR |
| Medio físico | [Material Cartografico] |
| 255 ## - DATOS MATEMATICOS CARTOGRAFICOS | |
| Mención de escala | 1:100.000 |
| 260 ## - PUBLICACION, DISTRIBUCION, ETC. (PIE DE IMPRENTA) | |
| Lugar de publicación, distribución, etc. | Bogotá |
| Nombre del editor, distribuidor, etc. | IAvH |
| Fecha de publicación, distribución, etc. | 2015 |
| 300 ## - DESCRIPCION FISICA | |
| Extensión | 1 mapa |
| Otros detalles físicos | color |
| Dimensiones | 1.03 x 92 cm |
| 650 16 - ASIENTO SECUNDARIO DE MATERIA - TERMINO TEMATICO | |
| Término temático o nombre geográfico como elemento de entrada | Hidrografía |
| 650 16 - ASIENTO SECUNDARIO DE MATERIA - TERMINO TEMATICO | |
| Término temático o nombre geográfico como elemento de entrada | Carreteras |
| 650 16 - ASIENTO SECUNDARIO DE MATERIA - TERMINO TEMATICO | |
| Término temático o nombre geográfico como elemento de entrada | Geografía |
| 650 16 - ASIENTO SECUNDARIO DE MATERIA - TERMINO TEMATICO | |
| Término temático o nombre geográfico como elemento de entrada | Municipios |
| 650 16 - ASIENTO SECUNDARIO DE MATERIA - TERMINO TEMATICO | |
| Término temático o nombre geográfico como elemento de entrada | Departamentos |
| 700 1# - ASIENTO SECUNDARIO - NOMBRE PERSONAL | |
| Nombre personal | Rodriguez, Nelly |
| 700 1# - ASIENTO SECUNDARIO - NOMBRE PERSONAL | |
| Nombre personal | Cabrera, Ederson |
| 710 1# - ASIENTO SECUNDARIO - NOMBRE CORPORATIVO | |
| Nombre corporativo o de jurisdicción como elemento de entrada | ICAR |
| Término de relación | Financiamiento |
| 942 ## - ELEMENTOS ADICIONALES (KOHA) | |
| Sistema de clasificación | Local |
| Tipo de ítem | Mapa |
| Withdrawn status | Lost status | Sistema de Clasificación | Damaged status | No para préstamo | Colección | Ubicación Permanente | Ubicación actual | Fecha de adquisición | Total Checkouts | Número topográfico | Inventario / Código de Barras | Date last seen | Ejemplar | Price effective from | Tipo de material |
|---|---|---|---|---|---|---|---|---|---|---|---|---|---|---|---|
| Local | Bogotá | Bogotá | 05/05/2016 | MC-0156 | 040169 | 05/05/2016 | Ej. 1 | 05/05/2016 | Mapa |